01777cam a22003494a 450000100090000000300050000900500170001400800410003101000170007202000310008902000280012003500240014804000300017204200080020205000220021008200190023210000310025124500590028225000120034126000370035330000350039050400510042550502550047665000310073194200120076299900190077495201220079395201340091595201220104995201220117195201340129316595869CEME20210628201603.0110103s2012 nyua b 001 0 eng  a 2010050474 a9780073529547 (alk. paper) a0073529540 (alk. paper) a(OCoLC)ocn695032905 aDLCcDLCdYDXdYDXCPdDLC apcc00aTK2000b.C46 201200a621.31/0422221 aChapman, Stephen J.91916010aElectric machinery fundamentals /cStephen J. Chapman. a5th ed. aNew York :bMcGraw-Hill,cc2012. axxiv, 680 p. :bill. ;c24 cm. aIncludes bibliographical references and index.0 aIntroduction to machinery principles -- Transformers -- AC machinery fundamentals -- Synchronous generators -- Synchronous motors -- Induction motors -- DC machinery fundamentals -- DC motors and generators -- Single-phase and special-purpose motors. 0aElectric machinery.918388 2ddccBK c566540d566540 00102ddc4070aCEMEbCEMEcGENd2017-03-09l1m1o621.31042 CHApCEME-47200r2026-01-20s2025-11-14w2021-06-28yBK 00102ddc4070aCEMEbCEMEcGENd2017-03-09l2m1o621.31042 CHApCEME-47201q2026-01-28r2025-11-13s2025-11-13w2021-06-28yBK 00102ddc4070aCEMEbCEMEcGENd2017-03-09l2m1o621.31042 CHApCEME-47202r2026-01-20s2025-11-17w2021-06-28yBK 00102ddc4070aCEMEbCEMEcGENd2017-03-09l2m2o621.31042 CHApCEME-47203r2026-01-29s2025-11-17w2021-06-28yBK 00102ddc4070aCEMEbCEMEcGENd2017-03-09l2m1o621.31042 CHApCEME-47199q2026-02-14r2025-12-09s2025-12-09w2021-06-28yBK